| 000 | 01240cam a22003135i 4500 | ||
|---|---|---|---|
| 999 |
_c28528 _d28499 |
||
| 001 | 010676089 | ||
| 003 | EG-ScBUE | ||
| 005 | 20200719175505.0 | ||
| 008 | 960605s1995 enka f 001 0 eng d | ||
| 020 | _a9780333640517 (pbk) | ||
| 020 | _a0333640519 (pbk) | ||
| 040 |
_aUk _beng _erda _cUk _dEG-ScBUE |
||
| 082 | 0 | 4 |
_a302.2 _bALL _222 |
| 100 | 1 | 0 |
_aAlleyne, Mark D., _d1961- _eauthor. |
| 245 | 1 | 0 |
_aInternational power and international communication / _cMark D. Alleyne, Assistant Professor and Director National Center for Freedom of Information Studies Department of Communication, College of Arts and Sciences Loyola University of Chicago. |
| 264 | 1 |
_aHampshire ; _aLondon : _bMacmillan Press ; _aOxford : _bSt. Martin's Press, _c1995. |
|
| 300 |
_axii,181 pages : _billustrations ; _c24 cm. |
||
| 336 |
_atext _btxt _2rdacontent |
||
| 337 |
_aunmediated _bn _2rdamedia |
||
| 338 |
_avolume _bnc _2rdacarrier |
||
| 490 | 0 | _aSt Antony's/Macmillan series | |
| 500 | _aIncludes index. | ||
| 650 | 7 |
_aCommunication, International. _2BUEsh |
|
| 650 | 7 |
_aCommunication _xInternational cooperation. _2BUEsh |
|
| 650 | 7 |
_aInternational relations. _2BUEsh |
|
| 653 |
_bCOMAME _cJuly2020 |
||
| 655 |
_vReading book _934232 |
||
| 942 |
_2ddc _cBB |
||